The Satvic Revolution (Record no. 370039)
[ view plain ]
| 000 -LEADER | |
|---|---|
| fixed length control field | 00547nam a2200181 4500 |
| 005 - DATE AND TIME OF LATEST TRANSACTION | |
| control field | 20260122123958.0 |
| 008 - FIXED-LENGTH DATA ELEMENTS--GENERAL INFORMATION | |
| fixed length control field | 260122b |||||||| |||| 00| 0 eng d |
| 020 ## - INTERNATIONAL STANDARD BOOK NUMBER | |
| International Standard Book Number | 978-0-143-46038-1 |
| 041 ## - LANGUAGE CODE | |
| Language code of text/sound track or separate title | English |
| 082 ## - DEWEY DECIMAL CLASSIFICATION NUMBER | |
| Classification number | X 613.7 SAR |
| Item number | B12192 |
| 100 ## - MAIN ENTRY--PERSONAL NAME | |
| Author | Saraf, Subah |
| 110 ## - MAIN ENTRY--CORPORATE NAME | |
| Corporate name or jurisdiction name as entry element | Saraf, Harshvardhan |
| 245 ## - TITLE STATEMENT | |
| Title | The Satvic Revolution |
| Remainder of title | : 7 Life changing habits to discover peak health and joy |
| 260 ## - PUBLICATION, DISTRIBUTION, ETC. | |
| Place of publication, distribution, etc. | Haryana |
| Name of publisher, distributor, etc. | Penguin Random House |
| Date of publication, distribution, etc. | 2024 |
| 300 ## - PHYSICAL DESCRIPTION | |
| Extent | xxviii,466p. |
| Other physical details | pb |
| 365 ## - TRADE PRICE | |
| Price type code | Rupaye |
| Price amount | 318 |
| Currency code | INR |
| 942 ## - ADDED ENTRY ELEMENTS (KOHA) | |
| Koha item type | Books |
| Withdrawn status | Lost status | Source of classification or shelving scheme | Damaged status | Not for loan | Collection code | Home library | Current library | Date acquired | Vendor | Net Price | Bill number | Total Checkouts | Total Renewals | Full call number | Barcode | Date last seen | Date last checked out | Discount | Actual Price | Bill Date | Koha item type | Original Barcode |
|---|---|---|---|---|---|---|---|---|---|---|---|---|---|---|---|---|---|---|---|---|---|---|
| Dewey Decimal Classification | Non-fiction | Smt. Bakul Tambat Institute of Nursing Education | Smt. Bakul Tambat Institute of Nursing Education | 30/12/2025 | Amazon(online) 171-8676699-1475507 | 305.28 | PNQ3-114828 | 1 | 1 | X 613.7 SAR B12192 | BTIN-BK-12192 | 08/05/2026 | 04/03/2026 | 12.72 | 318.00 | 30/12/2025 | Books | BTIN-BK-12192 |